| 000 | 00739nam a2200217 a 4500 | ||
|---|---|---|---|
| 999 |
_c2402 _d2402 |
||
| 001 | 2402 | ||
| 003 | BD-JhCC | ||
| 005 | 20190620134007.0 | ||
| 008 | 171101s2009 bg ||||| |||| 00| 0 ben d | ||
| 035 | _a(BD-JhCC)2402 | ||
| 040 |
_aBD-JhCC _dBD-JhCC |
||
| 041 | _aben | ||
| 082 |
_a510.03 _bADO 2009 |
||
| 100 | _aঅধরা, সেরাজুম মুনিরা মিতা | ||
| 245 |
_aগণিত এনসাইক্লোপিডিয়া / _cসেরাজুম মুনিরা মিতা অধরা |
||
| 260 |
_aঢাকা : _bদি স্কাই পাবলিশার্স, _c2009. |
||
| 300 |
_a239 p. : _c21 cm. |
||
| 650 |
_aMathematics _xEncyclopedia |
||
| 942 |
_2ddc _cBK _01 |
||